000 01202nam a2200313 4500
001 0000012614
003 CO-CtgCURN
005 20250329190954.0
007 ta
008 160627s1996 000 0 eng d
020 _a9500605457
040 _aCO-CtgCURN
_bspa
_ccoctgcurn
082 0 _a618.175
_bD36c
100 1 _aPalo, Giuseppe de.
245 1 0 _aColposcopia y patologĂ­a del tracto genital inferior /
_cGiuseppe de Palo , Guillermo R. di Paola.
250 _a2a ed.
260 _aBuenos Aires :
_bMedica Panamericana,
_c1996.
300 _a524 p.
336 _2rdacontent
337 _2rdamedia
_asin mediacion
_bn
338 _2rdacarrier
_avolumen
_bnc
500 _aIncluye indice analitico.
505 8 _aAnatomĂ­a del tacto genital inferior.--Endocervicoscopia.--Neoplasis invasoras del aparato genital inferior.-- Enfermedades de la vagina.--Polipos.--Ecosistema microbiano vaginal.--Queratosis.--Papiloma.--Ectopia.--Transformacion anormal
650 1 4 _aEnfermedades del aparato genital femenino.
700 1 _aPaola, Guillermo R. di.
908 _a160627
942 _cBK
_h618.175
_iD36c
_2ddc
999 _c9875
_d9875